Statistics for All European Teams to Ever Play a FIFA World Cup

Click here to take the quiz!

General Stats

  • This quiz has been taken 76 times
  • The average score is 31 of 35

Answer Stats

#Top FinishTeam% Correct
15WinnerFrance
100%
19WinnerGermany /
West Germany
100%
133rd placeBelgium
99%
83rd placePoland
99%
73rd placePortugal
99%
15WinnerSpain
99%
15WinnerEngland
97%
114th placeRussia /
Soviet Union
97%
5Runners-upCroatia
96%
18WinnerItaly
96%
10Runners-upNetherlands
96%
12Runners-upSweden
96%
1Round 2Slovakia
93%
11QuartersSwitzerland
93%
73rd placeAustria
91%
5QuartersDenmark
91%
3Round 2Greece
91%
9Runners-upHungary
91%
3Round 2Norway
91%
9Runners-upCzech Republic /
Czechoslovakia
90%
3QuartersIreland
90%
3Round 2Serbia / Serbia &
Montenegro
90%
2Round 1Slovenia
90%
1QuartersUkraine
90%
74th placeBulgaria
89%
8Round 1Scotland
89%
1Round 1Iceland
87%
7QuartersRomania
87%
1QuartersWales
84%
3QuartersNorthern Ireland
83%
23rd placeTurkey
83%
94th placeYugoslavia
81%
1Round 1Bosnia &
Herzegovina
80%
1Round 2East Germany
60%
1Round 1Israel
47%

Score Distribution

Percentile by Number Answered

Percent of People with Each Score

Your Score History

You have not taken this quiz